| 000 | 01353nam0a2200277 4500 | ||
|---|---|---|---|
| 001 | RU\NLR\BIBL_A\022471147 | ||
| 005 | 20250806203450.0 | ||
| 035 | _a(NLR Aleph) 022471147 | ||
| 090 |
_a82943 _c82943 |
||
| 100 | _a20250226a1941 u y0rusy50 ca | ||
| 101 | 0 | _aarm | |
| 102 | _aAM | ||
| 105 | _ay z 000 y | ||
| 181 | 0 |
_ai _baxxe |
|
| 182 | 0 | _an | |
| 200 | 1 |
_aՊլան ,, Մարքսիզմ-Լենինիզմի հիմունքները ,, _eդասընթացի տնտեսագիտական եվ իրավաբանական բուհ-երի եվ ֆակուլտետների 1-ին եվ 2-րդ կուրսի ուսանողների համար _fԵ.Մանուկյան _gՍՍՌՄ ԺԿՍ-ին կից բարձրագույն դպրոցի գործերի համամիութենական կոմիտե |
|
| 203 |
_aТекст _bвизуальный _cнепосредственный |
||
| 210 |
_aԵրեվան _bհամամիութենական հեռակա իրավաբանական ինստիտուտի Երեվանի ֆիլիալ _d1941 |
||
| 215 |
_a29,[2] c. _d20 |
||
| 541 | 1 |
_6z01790 _aПлан ,,основы Марксизма-Ленинизма,, _zrus |
|
| 700 | 1 |
_aՄանուկյան _bԵ. _4730 |
|
| 790 | 0 |
_6z01541 _aМанукян _bЕ. _4730 |
|
| 942 | _cBOOK | ||
| 945 | _aРоссийская национальная библиотека | ||
| 980 | _aBV | ||